Monatsberichte der Deutschen Bundesbank
Na minha lista:
| Formato: | Periódico |
|---|---|
| Idioma: | alemão |
| Publicado em: |
Frankfurt am Main
Deutsche Bundesbank
1982
|
| Tags: |
Sem tags, seja o primeiro a adicionar uma tag!
|
MARC
| LEADER | 00000nas2a2200000 4500 | ||
|---|---|---|---|
| 001 | s122704 | ||
| 005 | 20250730114210.4 | ||
| 041 | 0 | |a ger | |
| 044 | |a DE | ||
| 245 | 1 | 0 | |a Monatsberichte der Deutschen Bundesbank |
| 264 | 1 | |a Frankfurt am Main |b Deutsche Bundesbank |c 1982 | |
| 300 | |a 1 zv. | ||